|
|
|
|
| LEADER |
01143cam a2200289 7i4500 |
| 001 |
0000073359 |
| 005 |
20221209090000.0 |
| 020 |
|
|
|a 9781003277217 (electronic book)
|
| 090 |
0 |
0 |
|a QA76.54
|b .C66 2022
|
| 245 |
0 |
0 |
|a Computing and communications engineering in real-time application development
|c edited by B. K. Mishra, PhD, Samarjeet Borah, PhD, Hemant Kasturiwale, PhD.
|
| 264 |
|
|
|a Palm Bay, FL, USA:
|b Apple Academic Press,
|c 2022.
|
| 300 |
|
|
|a 1 online resource (xxvi, 284 pages):
|b text file, PDF.
|
| 336 |
|
|
|a text
|2 rdacontent
|
| 337 |
|
|
|a computer
|2 rdamedia
|
| 338 |
|
|
|a online resource
|2 rdacarrier
|
| 650 |
|
0 |
|a Automatic control
|
| 650 |
|
0 |
|a Real-time data processing
|
| 650 |
|
0 |
|a Telecommunication
|
| 655 |
|
0 |
|a Electronic books
|
| 700 |
1 |
|
|a Borah, Samarjeet
|
| 700 |
1 |
|
|a Mishra, B. K.
|
| 700 |
1 |
|
|a Kasturiwale, Hemant
|
| 856 |
4 |
2 |
|u http://library.unisel.edu.my/web/guest/mylibrary
|
| 997 |
|
|
|a Communication, Visual Art & Computing, Faculty
|b Computing, Department
|
| 998 |
|
|
|a Information Technology, Degree
|
| 998 |
|
|
|a Information Technology, Diploma
|
| 999 |
|
|
|a EBO0016523
|b EBOOK
|c EBOOK
|e Electronic resources
|